|
|
|
|
| LEADER |
00000cam a2200000 a 4500 |
| 001 |
vtls001427516 |
| 003 |
SK-MaSNL |
| 005 |
20260301120824.0 |
| 008 |
230501s1950 xo frnp 00100 slo |
| 015 |
|
|
|a SNBA1950
|
| 020 |
|
|
|q (viazané)
|
| 035 |
|
|
|a SNK000382487
|
| 035 |
|
|
|a 1F862D35-DA0F-4322-8208-37594B30C31F
|
| 035 |
|
|
|a urn:nbn:sk:snk-am00icyd
|
| 040 |
|
|
|a SNK
|b slo
|c SNK
|e AACR2
|
| 041 |
0 |
|
|a slo
|
| 044 |
|
|
|a xo
|c SK
|
| 072 |
|
7 |
|a 37
|x Výchova a vzdelávanie
|2 konspekt
|
| 072 |
|
7 |
|a 37.016
|x Učebné osnovy. Vyučovacie predmety. Učebnice
|2 konspekt
|
| 080 |
|
|
|a 37.02
|2 2011
|
| 080 |
|
|
|a 37.091.3
|2 2011
|
| 080 |
|
|
|a (075)
|2 2011
|
| 100 |
1 |
|
|a Pavlík, Ondrej,
|d 1916-1996
|4 aut
|9 106869
|
| 245 |
1 |
0 |
|a Didaktika
|c Ondrej Pavlík
|
| 250 |
|
|
|a 3. opr. vyd.
|
| 260 |
|
|
|a V Bratislave
|b Štátne nakladateľstvo
|c 1950
|
| 300 |
|
|
|a 183 strán
|c 24 cm
|
| 366 |
|
|
|e 3000 kusov
|
| 490 |
1 |
|
|a Knižnica Štátneho pedagogického ústavu v Bratislave
|v sv. 1
|
| 504 |
|
|
|a Bibliografia na strane 175 a menný a vecný register na strane 176-183
|
| 650 |
0 |
7 |
|a didaktika
|2 SNKPH
|9 3484
|
| 650 |
0 |
7 |
|a vyučovacie metódy
|2 SNKPH
|9 1521
|
| 655 |
|
7 |
|a učebnice
|2 SNKPH
|9 22521
|
| 752 |
|
|
|a Slovensko
|d Bratislava
|
| 830 |
|
0 |
|a Knižnica Štátneho pedagogického ústavu v Bratislave
|9 426407
|
| 852 |
|
|
|a Slovenská národná knižnica
|
| 954 |
|
|
|a odborná, vedecká literatúra pôvodná (slovenská)
|2 lita
|
| 958 |
|
|
|a RK
|
| 958 |
|
|
|a TL
|
| 958 |
|
|
|a OND
|
| 958 |
|
|
|a NB
|
| 958 |
|
|
|a UC
|
| 958 |
|
|
|a EUIPO
|
| 999 |
|
|
|c 727194
|d 729124
|
| 952 |
|
|
|a SNK
|b SNK
|y PREZ
|7 0
|p 17A0923202
|o snkSC 26631
|i snkK 3693/70
|8 3
|0 0
|1 0
|4 0
|d 2012-08-28
|f 1
|l 0
|r 2025-09-11 00:00:00
|w 2026-02-23
|
| 952 |
|
|
|a SNK
|b SNK
|y VYP
|7 0
|p 17A0327753
|o snkSC 26631 D1
|i snkD 865/83
|8 1
|0 0
|1 0
|4 0
|d 2002-01-22
|l 0
|r 2005-01-02 00:00:00
|w 2026-02-23
|